Auditing theory : (Record no. 362959)
[ view plain ]
| 000 -LEADER | |
|---|---|
| fixed length control field | 00491nam a2200145Ia 4500 |
| 008 - FIXED-LENGTH DATA ELEMENTS--GENERAL INFORMATION | |
| fixed length control field | 200226s9999 xx 000 0 und d |
| 020 ## - INTERNATIONAL STANDARD BOOK NUMBER | |
| International Standard Book Number | 978-621-416-043-3 |
| 100 ## - MAIN ENTRY--PERSONAL NAME | |
| Personal name | Roque, Gerardo S. |
| 245 ## - TITLE STATEMENT | |
| Statement of responsibility, etc | Gerardo S. Roque.-- |
| Title | Auditing theory : |
| Remainder of title | CPA examination reviewer / |
| 250 ## - EDITION STATEMENT | |
| Edition statement | 2018-2019 ed. |
| 260 ## - PUBLICATION, DISTRIBUTION, ETC. (IMPRINT) | |
| Place of publication, distribution, etc | Manila : |
| Name of publisher, distributor, etc | GIC Enterprises & Co., Inc. |
| Date of publication, distribution, etc | 2018 |
| 300 ## - PHYSICAL DESCRIPTION | |
| Extent | iv , 922 pages : |
| Other physical details | illustrations : |
| Dimensions | 22 cm. |
| 650 ## - SUBJECT ADDED ENTRY--TOPICAL TERM | |
| Topical term or geographic name as entry element | Auditing. |
| 650 ## - SUBJECT ADDED ENTRY--TOPICAL TERM | |
| Topical term or geographic name as entry element | Auditing--Examinations, questions, etc. |
| Withdrawn status | Lost status | Damaged status | Home library | Current library | Shelving location | Date acquired | Source of acquisition | Total Checkouts | Total Renewals | Full call number | Barcode | Date last seen | Date checked out | Price effective from | Koha item type |
|---|---|---|---|---|---|---|---|---|---|---|---|---|---|---|---|
| College Library | College Library | Filipiniana Section | 02/26/2020 | Library Fund | 9 | 10 | HF 5661 .R786 2018 | C22058 | 08/30/2025 | 08/15/2025 | 02/26/2020 | Books |